The Use of Psychology in Teaching

Bibliographic Details
Main Author: Derville, Leonore M. T. (Author)
Format: Book
Language:English
Published: Petaling Jaya : Longman Malaysia Sdn. Bhd. 1966
Subjects:

MARC

LEADER 00000cam a2200000 7i4500
001 0000002477
005 20240925.0
008 991130 my a eng
020 |a 0582695500 
040 |a INS   |b eng   |e rda 
090 0 0 |a LB1051   |b .D45 1966 
100 1 |a Derville, Leonore M. T. ,   |e author 
245 1 4 |a The Use of Psychology in Teaching   |c by Leonore M. T. Derville 
264 1 |a Petaling Jaya :   |b Longman Malaysia Sdn. Bhd.   |c 1966 
264 4 |c ©1966 
300 |a vi, 154 pages :   |b illustrations ;   |c 21 cm. 
336 |a text  |2 rdacontent 
337 |a unmediated  |2 rdamedia 
338 |a volume  |2 rdacarrier 
650 0 |a Educational psychology 
999 |a 0000003637   |b BOOK   |c Open Shelf   |e Default branch